Loading...
Pinthirinjodunna Keralam/
| Main Author: | |
|---|---|
| Format: | Printed Book |
| Language: | English |
| Published: |
Kozhikode:
Haritham,
2002
|
| LEADER | 00533nam a22001577a 4500 | ||
|---|---|---|---|
| 003 | OSt | ||
| 005 | 20200624134640.0 | ||
| 008 | 160521b xxu||||| |||| 00| 0 eng d | ||
| 082 | |a 301.095483 BHA/P | ||
| 100 | |a Bhaskar, B. R. P. | ||
| 245 | |a Pinthirinjodunna Keralam/ |c B. R. P. Bhaskar | ||
| 260 | |a Kozhikode: |b Haritham, |c 2002 | ||
| 300 | |a 95p. | ||
| 942 | |2 ddc |c BK | ||
| 999 | |c 329340 |d 329340 | ||
| 952 | |0 0 |1 0 |2 ddc |4 0 |6 301_095483000000000_BHA_P |7 0 |9 375934 |a CSC |b CSC |c ST1 |d 2016-05-21 |i 11278 |l 0 |o 301.095483 BHA/P |p CSC11278 |r 2016-05-21 |w 2016-05-21 |y BK | ||